| 000 | 00343nam a2200121Ia 4500 | ||
|---|---|---|---|
| 008 | 230627s9999 xx 000 0 und d | ||
| 041 | _amar | ||
| 082 |
_a320.531 5 _bLUK |
||
| 100 | _aLukacs G | ||
| 245 | _aHistory And Class Conciousness : Studies In Marxist Dialectics | ||
| 260 |
_aAllahabad _bRupa & Co. _c1993 |
||
| 700 | _a Livingstone R., | ||
| 999 |
_c684015 _d684015 |
||